| 000 | 01043nam a2200301 i 4500 | ||
|---|---|---|---|
| 001 | 000045415 | ||
| 003 | OSt | ||
| 005 | 20250411122934.0 | ||
| 007 | ta | ||
| 008 | 150306s2013 dr ac 000 0 spa d | ||
| 040 |
_aDO-SdBNP _bspa _cDO-SdBNP _erda |
||
| 082 | 4 |
_a923.27293 _b D812T, 2013 _222 |
|
| 100 | 1 |
_aTroncoso Sánchez, Pedro, _d1904-1989 _eautor _923599 |
|
| 245 | 1 | 0 |
_aVida de Juan Pablo Duarte / _cPedro Troncoso Sánchez. |
| 250 | _a3a edición | ||
| 264 |
_aSanto Domingo : _bInstituto Duartiano, _c2013. |
||
| 300 |
_a522 páginas : _bilustraciones, retratos ; _c21 cm. |
||
| 336 |
_2rdacontent _atexto _btxt |
||
| 337 |
_2rdamedia _asin mediación _bn |
||
| 338 |
_2rdacarrier _avolumen _bnc |
||
| 490 | 0 |
_aInstituto Duartiano _v11 |
|
| 586 | _aPremio Nacional de Historia, 1976 | ||
| 590 | _aInventariado, 2020/VM | ||
| 600 | 1 | 0 |
_aDuarte, Juan Pablo, _d1813-1876 _91494 |
| 651 | 7 |
_2Lemb _aRepública Dominicana _xHistoria _yOcupación haitiana, 1822-1844 _97666 |
|
| 910 | _aVMateo. Validado 2023 MFF | ||
| 942 |
_2ddc _cLBS1 |
||
| 999 |
_c44904 _d44904 |
||